Maracana, adeus

Guardado en:
Bibliografiske detaljer
Hovedforfatter: Coutinho, Edilberto
Format: Bog
Sprog:Spanish
Udgivet: La Habana, Cuba Casa de las Américas 1980
Fag:
Tags: Tilføj Tag
Ingen Tags, Vær først til at tagge denne postø!

MARC

LEADER 00000nam a22000007a 4500
008 181106b xxu||||| |||| 00| 0 spa d
999 |c 30633  |d 30633 
040 |a  cru BVZT  
090 |a 869 C-5.1M 
100 |a Coutinho, Edilberto 
245 |a Maracana, adeus  |c / Edilberto Coutinho 
260 |a La Habana, Cuba  |b Casa de las Américas  |c 1980 
300 |a 136 páginas 
630 |l Portugués 
650 0 |9 196  |a LITERATURA BRASILEÑA 
650 0 |9 18  |a POESÍA 
942 |c LIB  |h 869 C-5.1M  |2 z